Physics / (Record no. 5023)

MARC details
000 -LEADER
fixed length control field 00847nam a2200253 ar4500
001 - CONTROL NUMBER
control field 5025
005 - DATE AND TIME OF LATEST TRANSACTION
control field 20221127091058.0
008 - FIXED-LENGTH DATA ELEMENTS--GENERAL INFORMATION
fixed length control field 190716s xxua 00110|eng d
020 ## - INTERNATIONAL STANDARD BOOK NUMBER
International Standard Book Number 9781118651520(pbk) :
Terms of availability SR850.00
082 04 - DEWEY DECIMAL CLASSIFICATION NUMBER
Classification number 530
Item number C979 2015
100 1# - MAIN ENTRY--PERSONAL NAME
Personal name Cutnell, John D.
245 10 - TITLE STATEMENT
Title Physics /
Statement of responsibility, etc. J. Cutnell, K. Johnson ; with David Young, Shane Stadler.
246 1# - VARYING FORM OF TITLE
Title proper/short title Introduction to physics.
250 ## - EDITION STATEMENT
Edition statement 10th edition.
260 ## - PUBLICATION, DISTRIBUTION, ETC.
Place of publication, distribution, etc. Hoboken, NJ :
Name of publisher, distributor, etc. John Wiley,
Date of publication, distribution, etc. 2015.
300 ## - PHYSICAL DESCRIPTION
Extent xvi, 836, [38] pages :
Other physical details illustrations(chiefly color) ;
Dimensions 28 cm.
500 ## - GENERAL NOTE
General note Includes index.
500 ## - GENERAL NOTE
General note Cover title: Introduction to physics.
650 #4 - SUBJECT ADDED ENTRY--TOPICAL TERM
Topical term or geographic name entry element Physics
Form subdivision Textbooks.
650 #4 - SUBJECT ADDED ENTRY--TOPICAL TERM
Topical term or geographic name entry element Physics
Form subdivision Problems, exercises, etc.
700 0# - ADDED ENTRY--PERSONAL NAME
Personal name Johnson, Kenneth W.,
Relator term author.
700 0# - ADDED ENTRY--PERSONAL NAME
Personal name Young, David,
Relator term author.
700 0# - ADDED ENTRY--PERSONAL NAME
Personal name Stadler, Shane,
Relator term author.
Holdings
Withdrawn status Lost status Source of classification or shelving scheme Damaged status Not for loan Home library Current library Date acquired Total Checkouts Full call number Barcode Date last seen Copy number Price effective from Koha item type
          CENTRAL CENTRAL 11/27/2022   530 C979 2015 1000000014966 11/27/2022 C1 11/27/2022 Book